| 000 | 00823nmc a2200289 a 4500 | ||
|---|---|---|---|
| 003 | AR-BaBNM | ||
| 005 | 20251128203338.0 | ||
| 008 | 011101s1972 ||||||||||||||000 | spa|| | ||
| 020 | _a950-13-6709-6 | ||
| 040 | _cAR-BaBNM | ||
| 245 | 1 | 0 | _a¿Qué es educación personalizada? |
| 250 | _a1ª ed. | ||
| 260 |
_aBuenos Aires _bKapelusz _c1972 |
||
| 300 | 0 |
_a37 p. _bgráfs. |
|
| 490 | 0 |
_aCuaderno pedagógico _vv. 20 |
|
| 504 | _aBibliografía alfinal del texto | ||
| 650 | 4 | _aENSENANZA INDIVIDUALIZADA | |
| 650 | 4 | _aTECNICAS DIDACTICAS | |
| 650 | 4 | _aACTIVIDADES DE APRENDIZAJE | |
| 650 | 4 | _aROL DEL DOCENTE | |
| 650 | 4 | _aPAPEL DEL ALUMNO | |
| 650 | 4 | _aCONSTITUCION DE GRUPOS DE ESTUDIO | |
| 653 | 0 | _aEDUCACION PERSONALIZADA | |
| 700 | 1 |
_aGarcía Hoz, Víctor _eprologuista |
|
| 942 | _cBK | ||
| 998 | _cCarmen | ||
| 999 |
_c2990 _d2990 |
||